Major equipment procurement / (Record no. 3551)
[ view plain ]
| 000 -LEADER | |
|---|---|
| fixed length control field | nam a22 a 4500 |
| 003 - CONTROL NUMBER IDENTIFIER | |
| control field | AKMAL |
| 005 - DATE AND TIME OF LATEST TRANSACTION | |
| control field | 20170523110212.0 |
| 008 - FIXED-LENGTH DATA ELEMENTS--GENERAL INFORMATION | |
| fixed length control field | 170523s1983 ny 00 eng d |
| 020 ## - INTERNATIONAL STANDARD BOOK NUMBER | |
| International Standard Book Number | 0442208707 |
| 040 ## - CATALOGING SOURCE | |
| Original cataloging agency | AKMAL |
| 082 04 - DEWEY DECIMAL CLASSIFICATION NUMBER | |
| Classification number | 658.72 AUE |
| 090 00 - LOCALLY ASSIGNED LC-TYPE CALL NUMBER (OCLC); LOCAL CALL NUMBER (RLIN) | |
| Classification number (OCLC) (R) ; Classification number, CALL (RLIN) (NR) | 658.72 |
| Local cutter number (OCLC) ; Book number/undivided call number, CALL (RLIN) | AUE |
| 100 1# - MAIN ENTRY--PERSONAL NAME | |
| Personal name | Auer, Joseph |
| 9 (RLIN) | 7074 |
| 245 10 - TITLE STATEMENT | |
| Title | Major equipment procurement / |
| Statement of responsibility, etc. | Joseph Auer, Charles Edison Harris |
| 260 ## - PUBLICATION, DISTRIBUTION, ETC. | |
| Place of publication, distribution, etc. | New York : |
| Name of publisher, distributor, etc. | V.N. Reinhold Co., |
| Date of publication, distribution, etc. | c1983 |
| 300 00 - PHYSICAL DESCRIPTION | |
| Extent | xi, 436p. : |
| Other physical details | ill. ; |
| Dimensions | 27cm |
| 504 ## - BIBLIOGRAPHY, ETC. NOTE | |
| Bibliography, etc. note | Bibliography: p.429 |
| 650 #0 - SUBJECT ADDED ENTRY--TOPICAL TERM | |
| Topical term or geographic name entry element | Industrial equipment |
| General subdivision | Purchasing |
| 9 (RLIN) | 7075 |
| 650 #0 - SUBJECT ADDED ENTRY--TOPICAL TERM | |
| Topical term or geographic name entry element | Capital investments |
| 9 (RLIN) | 7076 |
| 700 1# - ADDED ENTRY--PERSONAL NAME | |
| Personal name | Harris, Charles Edison |
| 9 (RLIN) | 7077 |
| 942 ## - ADDED ENTRY ELEMENTS (KOHA) | |
| Source of classification or shelving scheme | |
| Koha item type | Book |
| Withdrawn status | Lost status | Source of classification or shelving scheme | Damaged status | Not for loan | Collection code | Home library | Current library | Shelving location | Date acquired | Inventory number | Total Checkouts | Full call number | Barcode | Date last seen | Price effective from | Koha item type |
|---|---|---|---|---|---|---|---|---|---|---|---|---|---|---|---|---|
| NON-FICTION | AKMAL Melaka | AKMAL Melaka | PINJAMAN | 23.05.2017 | 600792 | 658.72 AUE | 201704655 | 23.05.2017 | 23.05.2017 | Book |
